[Event "Russian Championship B15 1st league 2016"]
[Site "Loo"]
[Date "2016.04.20"]
[Round "1.53"]
[White "Petrovsky, Andrey"]
[Black "Maslov, Serafim"]
[Result "1/2-1/2"]
[WhiteElo "1756"]
[BlackElo "1341"]
[PlyCount "69"]
[EventDate "2016.04.20"]

1. e4 e5 2. Nc3 Nc6 3. f4 exf4 4. Nf3 g5 5. h3 d6 6. d4 h5 7. Bc4 Bg7 8. Ne2
Qe7 9. Qd3 g4 10. hxg4 hxg4 11. Rxh8 Bxh8 12. Nfg1 Be6 13. d5 Ne5 14. Qb3 Nxc4
15. Qxb7 Bxd5 16. Qxd5 Nb6 17. Qf5 Nf6 18. Nc3 Nxe4 19. Nxe4 d5 20. Bxf4 Qxe4+
21. Qxe4+ dxe4 22. O-O-O Na4 23. c3 Rd8 24. Re1 f5 25. Bxc7 Rc8 26. Ba5 Bd4 27.
Ne2 Be3+ 28. Kc2 Rc5 29. Bb4 Rd5 30. Kb3 Kf7 31. Kc2 Ke8 32. Kb3 Kf7 33. Kc2
Ke8 34. Kb3 Kf7 35. Kc2 1/2-1/2

[Event "Russian Championship B15 1st league 2016"]
[Site "Loo"]
[Date "2016.04.20"]
[Round "1.54"]
[White "Strelkov, Daniil"]
[Black "Koliev, Irlan"]
[Result "0-1"]
[WhiteElo "1288"]
[BlackElo "1737"]
[PlyCount "108"]
[EventDate "2016.04.20"]

1. e4 e6 2. d4 d5 3. e5 c5 4. c3 Qb6 5. f4 Nc6 6. Nf3 Nh6 7. Bd3 Bd7 8. Bc2 Rc8
9. a3 cxd4 10. cxd4 Be7 11. Nc3 Nf5 12. Ne2 h5 13. Rb1 Qc7 14. O-O Nxe5 15.
Bxf5 Nxf3+ 16. Rxf3 exf5 17. Re3 Qc2 18. Qxc2 Rxc2 19. Nc3 Be6 20. Nb5 a6 21.
Rc3 Rxc3 22. Nxc3 Kd7 23. Be3 Rc8 24. Rc1 b5 25. b4 Bf6 26. Ne2 Rc4 27. Kf1 Be7
28. Ke1 a5 29. Bd2 axb4 30. Rxc4 dxc4 31. axb4 Bd5 32. g3 Kc6 33. h4 Bf3 34.
Kf2 Bxe2 35. Kxe2 Kd5 36. Ke3 f6 37. Bc3 g5 38. Bd2 g4 39. Bc3 Bd8 40. Bd2 Bb6
41. Bc3 Ba7 42. Bb2 c3 43. Bxc3 Kc4 44. Ba1 Bb6 45. Bb2 Kb3 46. Ba1 Kc4 47. Bb2
Kxb4 48. Kd3 Kb3 49. Ba1 b4 50. d5 Ka2 51. Bxf6 b3 52. d6 b2 53. Bxb2 Kxb2 54.
d7 Kb3 0-1

[Event "Russian Championship B15 1st league 2016"]
[Site "Loo"]
[Date "2016.04.20"]
[Round "1.55"]
[White "Fominov, Andrei"]
[Black "Nagibin, Danila"]
[Result "1-0"]
[WhiteElo "1730"]
[BlackElo "1274"]
[PlyCount "57"]
[EventDate "2016.04.20"]

1. d4 d5 2. Nf3 e6 3. c4 Nf6 4. g3 Bb4+ 5. Bd2 Bxd2+ 6. Qxd2 O-O 7. Bg2 Ne4 8.
Qc2 b6 9. cxd5 exd5 10. O-O Bf5 11. Nh4 Nxg3 12. Nxf5 Nxf1 13. Kxf1 c6 14. Nd2
g6 15. Ng3 Qd6 16. Rc1 Rc8 17. Qb3 Rd8 18. Nf3 c5 19. dxc5 bxc5 20. Rd1 c4 21.
Qc3 Nc6 22. Ne4 Qe6 23. Nf6+ Kf8 24. Nxd5 Ne7 25. Qh8+ Ng8 26. Ng5 Qf6 27.
Nxh7+ Ke8 28. Nhxf6+ Kf8 29. Qxg8# 1-0

[Event "Russian Championship B15 1st league 2016"]
[Site "Loo"]
[Date "2016.04.20"]
[Round "1.56"]
[White "Li, Dmitry"]
[Black "Fomichev, Ilya"]
[Result "0-1"]
[WhiteElo "1256"]
[BlackElo "1723"]
[PlyCount "52"]
[EventDate "2016.04.20"]

1. e4 e5 2. Nf3 Nc6 3. Bc4 Bc5 4. c3 Nf6 5. d3 d6 6. Bb3 h6 7. O-O Bg4 8. h3
Be6 9. Bc2 Bb6 10. Nbd2 Qd7 11. Re1 g5 12. Nf1 g4 13. hxg4 Bxg4 14. d4 Qe7 15.
Qd3 Bxf3 16. Qxf3 exd4 17. cxd4 Nxd4 18. Ba4+ c6 19. Qd3 d5 20. e5 Ne4 21. Bf4
Rg8 22. Ne3 Nf3+ 23. Kf1 Nxe1 24. Rxe1 Bxe3 25. Rxe3 Qb4 26. Qb3 Nd2+ 0-1

[Event "Russian Championship B15 1st league 2016"]
[Site "Loo"]
[Date "2016.04.20"]
[Round "1.57"]
[White "Yangutov, Aleksey"]
[Black "Enin, Peter"]
[Result "1-0"]
[WhiteElo "1723"]
[BlackElo "1229"]
[PlyCount "63"]
[EventDate "2016.04.20"]

1. d4 d5 2. c4 Nc6 3. Nf3 Nf6 4. Nc3 Bf5 5. e3 e6 6. c5 b6 7. Bb5 Rb8 8. Ne5
Nd7 9. Nxc6 Qc8 10. Nxb8 Qxb8 11. Qa4 e5 12. Nxd5 bxc5 13. dxc5 Bxc5 14. O-O
Qc8 15. b4 Bd6 16. Bb2 O-O 17. Rac1 Nb8 18. Rxc7 Qe6 19. Ne7+ Bxe7 20. Qxa7 Bd6
21. Rcc1 Be4 22. f3 Bd5 23. a3 Rd8 24. Qb6 Qe7 25. Rfd1 Nd7 26. Bxd7 Rb8 27.
Qa6 Bxf3 28. Qxd6 Qxd6 29. Rxd6 Be4 30. Rc8+ Rxc8 31. Bxc8 h6 32. b5 1-0

[Event "Russian Championship B15 2016"]
[Site "Loo"]
[Date "2016.04.20"]
[Round "1.1"]
[White "Shubin, Kirill"]
[Black "Levdansky, Alexey"]
[Result "1-0"]
[WhiteElo "2399"]
[BlackElo "1962"]
[PlyCount "71"]
[EventDate "2016.04.20"]

1. e4 c5 2. Nf3 Nc6 3. d4 cxd4 4. Nxd4 g6 5. c4 Nf6 6. Nc3 Nxd4 7. Qxd4 d6 8.
Bg5 Bg7 9. Qd2 Be6 10. Bd3 O-O 11. O-O a5 12. b3 Nd7 13. Rac1 Nc5 14. Bb1 a4
15. b4 Bxc4 16. bxc5 Bxf1 17. Kxf1 dxc5 18. Qxd8 Rfxd8 19. Nd5 f6 20. Be3 Kf7
21. Ke2 e6 22. Nb6 Ra6 23. Rxc5 Bh6 24. Rc7+ Ke8 25. Rxb7 Bxe3 26. Kxe3 h5 27.
Bc2 a3 28. Ba4+ Kf8 29. Nd7+ Kg8 30. Nxf6+ Kf8 31. Nd7+ Kg8 32. Nc5 Rad6 33.
Bb3 Re8 34. Nxe6 Rdxe6 35. Rb6 Kf7 36. Rxe6 1-0

[Event "Russian Championship B15 2016"]
[Site "Loo"]
[Date "2016.04.20"]
[Round "1.2"]
[White "Tyapkin, Petr"]
[Black "Gurvich, Vitaly"]
[Result "0-1"]
[WhiteElo "1962"]
[BlackElo "2381"]
[PlyCount "104"]
[EventDate "2016.04.20"]

1. d4 Nf6 2. Nf3 g6 3. c4 Bg7 4. Nc3 d5 5. Bg5 Ne4 6. cxd5 Nxg5 7. Nxg5 e6 8.
Qd2 h6 9. Nf3 exd5 10. e3 O-O 11. h3 c6 12. Bd3 Be6 13. O-O Nd7 14. b4 a6 15.
a4 a5 16. b5 c5 17. Ne2 c4 18. Bc2 f5 19. Ne1 Nf6 20. f3 Bf7 21. f4 Ne4 22. Qc1
g5 23. Bxe4 fxe4 24. f5 Qd6 25. g4 h5 26. Kg2 hxg4 27. hxg4 Bf6 28. Nc2 Kg7 29.
Rh1 Rh8 30. Qd2 c3 31. Qxc3 Rac8 32. Qd2 Qc7 33. Na3 Rxh1 34. Rxh1 Qd6 35. Nc2
Rc4 36. Ra1 Bd8 37. Rh1 Bc7 38. Rh3 Rxa4 39. Ng3 Kf8 40. f6 Bg6 41. Qf2 Kf7 42.
Rh8 Qxg3+ 43. Qxg3 Bxg3 44. Kxg3 Ra2 45. Rc8 Kxf6 46. Rc3 Ke6 47. Na3 Kd6 48.
b6 Be8 49. Kh3 Bc6 50. Kg3 a4 51. Nc2 Rb2 52. Na3 Rxb6 0-1

[Event "Russian Championship B15 2016"]
[Site "Loo"]
[Date "2016.04.20"]
[Round "1.3"]
[White "Lomasov, Semen"]
[Black "Zakharov, Nikita"]
[Result "1-0"]
[WhiteElo "2326"]
[BlackElo "1940"]
[PlyCount "47"]
[EventDate "2016.04.20"]

1. e4 d6 2. d4 Nf6 3. Nc3 g6 4. Be3 Bg7 5. Qd2 c6 6. Bh6 O-O 7. Nf3 d5 8. Bd3
dxe4 9. Nxe4 Bg4 10. c3 Nxe4 11. Bxe4 Nd7 12. h3 Bxf3 13. Bxf3 e5 14. O-O-O Qa5
15. h4 Nb6 16. Bxg7 Nc4 17. Qe2 Qxa2 18. Bxf8 Qa1+ 19. Kc2 Qxb2+ 20. Kd3 Qb5
21. Rb1 Qa6 22. Ra1 Na3+ 23. Kd2 Nc4+ 24. Kc2 1-0

[Event "Russian Championship B15 2016"]
[Site "Loo"]
[Date "2016.04.20"]
[Round "1.4"]
[White "Saratovskiy, Dmitiy"]
[Black "Nesterov, Arseniy"]
[Result "0-1"]
[WhiteElo "1938"]
[BlackElo "2273"]
[PlyCount "64"]
[EventDate "2016.04.20"]

1. d4 e6 2. c4 b6 3. Nc3 Bb7 4. Nf3 Bb4 5. a3 Bxc3+ 6. bxc3 f5 7. e3 Nf6 8. Bd3
O-O 9. O-O d6 10. Nd2 Nbd7 11. f3 Qe8 12. e4 f4 13. Nb3 e5 14. Bd2 c5 15. d5
Kh8 16. Kf2 Qh5 17. Rh1 Rac8 18. Qf1 g5 19. Ke1 g4 20. Kd1 gxf3 21. Qxf3 Qg6
22. Kc2 Bxd5 23. exd5 e4 24. Bxe4 Nxe4 25. Kb2 Ne5 26. Qe2 Rce8 27. Qf1 f3 28.
g3 Nf2 29. Rg1 Nfd3+ 30. Ka2 Nxc4 31. Qb1 Re2 32. Rd1 f2 0-1

[Event "Russian Championship B15 2016"]
[Site "Loo"]
[Date "2016.04.20"]
[Round "1.5"]
[White "Salemgareev, Tagir"]
[Black "Akochenok, Daniil"]
[Result "1-0"]
[WhiteElo "2262"]
[BlackElo "1934"]
[PlyCount "85"]
[EventDate "2016.04.20"]

1. d4 Nf6 2. Nf3 c5 3. d5 e6 4. c4 exd5 5. cxd5 d6 6. Nc3 g6 7. g3 Bg7 8. Bg2
O-O 9. O-O Re8 10. Nd2 b6 11. h3 Ba6 12. a4 Nbd7 13. Re1 Qc7 14. Nb5 Bxb5 15.
axb5 a6 16. Qb3 axb5 17. Rxa8 Rxa8 18. Qxb5 Ra5 19. Qc6 Ne8 20. Nc4 Ra1 21. Kf1
Ra7 22. Bf4 Bf8 23. h4 Qb7 24. h5 b5 25. Na3 Qxc6 26. dxc6 Nb6 27. Nxb5 Ra5 28.
Nc3 gxh5 29. Bf3 h4 30. gxh4 Be7 31. h5 Kg7 32. Rd1 Nc4 33. Nd5 Bd8 34. h6+ Kf8
35. Be4 Kg8 36. Rd3 Rb5 37. Rg3+ Kh8 38. Bd3 Rxb2 39. Bxc4 Rb1+ 40. Kg2 Rb2 41.
c7 Nxc7 42. Nxc7 Bxc7 43. Bg5 1-0

[Event "Russian Championship B15 2016"]
[Site "Loo"]
[Date "2016.04.20"]
[Round "1.6"]
[White "Akhtariev, Andrey"]
[Black "Geshko, Aleksey"]
[Result "0-1"]
[WhiteElo "1927"]
[BlackElo "2179"]
[PlyCount "52"]
[EventDate "2016.04.20"]

1. e4 c5 2. Nf3 d6 3. d4 cxd4 4. Nxd4 Nf6 5. Nc3 a6 6. Be2 e5 7. Nb3 Be7 8. O-O
O-O 9. f4 b5 10. a3 Bb7 11. Bf3 Nbd7 12. Qe1 Rc8 13. Kh1 Re8 14. g4 d5 15. exd5
e4 16. Nxe4 Bxd5 17. Nxf6+ Nxf6 18. Qd1 Be4 19. Nd4 Bxf3+ 20. Rxf3 Nxg4 21. Qg1
h5 22. h3 Bc5 23. c3 Bxd4 24. cxd4 Rc2 25. Qf1 Rh2+ 26. Kg1 Qxd4+ 0-1

[Event "Russian Championship B15 2016"]
[Site "Loo"]
[Date "2016.04.20"]
[Round "1.7"]
[White "Bazhenov, Aleksandr"]
[Black "Isaykin, Artem"]
[Result "0-1"]
[WhiteElo "2162"]
[BlackElo "1924"]
[PlyCount "80"]
[EventDate "2016.04.20"]

1. e4 c5 2. Nf3 Nc6 3. d4 cxd4 4. Nxd4 e5 5. Nb5 a6 6. Nd6+ Bxd6 7. Qxd6 Qe7 8.
Qxe7+ Ngxe7 9. c4 Nd4 10. Bd3 Nec6 11. Be3 O-O 12. Nc3 d6 13. Rc1 f5 14. exf5
Bxf5 15. Kd2 Be6 16. f3 Rfd8 17. Nd5 b5 18. Nc7 bxc4 19. Nxa8 cxd3 20. Nb6 Rb8
21. Bxd4 Nxd4 22. Na4 Bxa2 23. Kxd3 Bb3 24. Nc3 Bf7 25. Nd1 Bg6+ 26. Ke3 Bc2
27. f4 Rb3+ 28. Kf2 e4 29. Re1 d5 30. Ne3 Bd3 31. Rc8+ Kf7 32. Nxd5 Rxb2+ 33.
Kg3 Ke6 34. Ne3 Ne2+ 35. Kg4 Rb5 36. g3 Nd4 37. f5+ Kf6 38. Rd8 h5+ 39. Kf4 g5+
40. fxg6 Ne6# 0-1

[Event "Russian Championship B15 2016"]
[Site "Loo"]
[Date "2016.04.20"]
[Round "1.8"]
[White "Nuristani, Iman"]
[Black "Golikov, Daniil"]
[Result "1-0"]
[WhiteElo "1922"]
[BlackElo "2152"]
[PlyCount "69"]
[EventDate "2016.04.20"]

1. d4 Nf6 2. Nf3 e6 3. g3 d5 4. Bg2 c5 5. O-O Bd6 6. c3 O-O 7. e3 Nbd7 8. Re1
Ne4 9. Nbd2 f5 10. c4 Ndf6 11. Nxe4 fxe4 12. Nd2 b6 13. b3 h5 14. f3 exf3 15.
Nxf3 Bb7 16. Bb2 Qc7 17. dxc5 bxc5 18. Ng5 Rae8 19. cxd5 Bxg3 20. hxg3 Qxg3 21.
Bxf6 gxf6 22. Ne4 Qg6 23. Kh1 Kh8 24. Nd6 Re7 25. Nxb7 Rxb7 26. dxe6 Re7 27.
Qd5 Rg8 28. Rg1 Qg4 29. Qf3 Qxe6 30. Bh3 Qxe3 31. Rxg8+ Kxg8 32. Rg1+ Kf8 33.
Qxf6+ Rf7 34. Qd8+ Qe8 35. Rg8+ 1-0

[Event "Russian Championship B15 2016"]
[Site "Loo"]
[Date "2016.04.20"]
[Round "1.9"]
[White "Pesotskiy, Mikhail"]
[Black "Bedenko, Nikita"]
[Result "1/2-1/2"]
[WhiteElo "2152"]
[BlackElo "1917"]
[PlyCount "86"]
[EventDate "2016.04.20"]

1. c4 e5 2. g3 d6 3. Bg2 g6 4. Nc3 Bg7 5. d3 f5 6. e3 Nf6 7. Nge2 O-O 8. O-O a5
9. Rb1 Na6 10. a3 c6 11. b4 axb4 12. axb4 Nc7 13. b5 Bd7 14. bxc6 bxc6 15. Na4
Ra6 16. Bd2 Ne6 17. Qc2 Qa8 18. Nb6 Qa7 19. Nxd7 Nxd7 20. Nc3 Ndc5 21. Rb2 Rb8
22. Rxb8+ Qxb8 23. Rb1 Qa7 24. Rb2 Ra1+ 25. Rb1 Ra6 26. h4 Rb6 27. Rxb6 Qxb6
28. Kf1 Bh6 29. Ke2 Nb3 30. Qa2 Nxd2 31. Kxd2 Nc5 32. Qb1 Qc7 33. f4 exf4 34.
gxf4 d5 35. cxd5 Bxf4 36. d4 Bxe3+ 37. Kxe3 Qg3+ 38. Bf3 f4+ 39. Ke2 Qh2+ 40.
Kf1 Qh3+ 41. Ke2 Qh2+ 42. Kf1 Qh3+ 43. Ke2 Qh2+ 1/2-1/2

[Event "Russian Championship B15 2016"]
[Site "Loo"]
[Date "2016.04.20"]
[Round "1.10"]
[White "Baranovskiy, Daniil"]
[Black "Gasanov, Zaur"]
[Result "1/2-1/2"]
[WhiteElo "1899"]
[BlackElo "2148"]
[PlyCount "89"]
[EventDate "2016.04.20"]

1. d4 Nf6 2. Nf3 g6 3. e3 Bg7 4. Bd3 d5 5. O-O O-O 6. b3 c5 7. Bb2 Nc6 8. Nbd2
Nd7 9. c4 dxc4 10. Nxc4 cxd4 11. exd4 Nb6 12. Nce5 Nb4 13. Be2 Bf5 14. a3 N4d5
15. Rc1 Nf4 16. Nh4 Nxe2+ 17. Qxe2 Be6 18. Qe3 Qd5 19. Nhf3 Rac8 20. Nd2 Rfd8
21. Ndc4 Qb5 22. Nxb6 Qxb6 23. b4 Qd6 24. h3 f6 25. Nd3 Bc4 26. Rfd1 Bxd3 27.
Qxd3 Qd5 28. Qe2 Kf7 29. Re1 e6 30. Qe3 f5 31. h4 b5 32. Rc5 Rxc5 33. bxc5 a6
34. g3 h6 35. Kh2 a5 36. h5 Bf6 37. Re2 Rg8 38. g4 Rd8 39. Kg1 Qc4 40. gxf5
exf5 41. Qf3 Rd5 42. Qe3 Rd8 43. Qf3 Rd5 44. Qe3 Rd8 45. Qf3 1/2-1/2

[Event "Russian Championship B15 2016"]
[Site "Loo"]
[Date "2016.04.20"]
[Round "1.11"]
[White "Moiseev, Danila"]
[Black "Shchukin, Maksim"]
[Result "1/2-1/2"]
[WhiteElo "2135"]
[BlackElo "1891"]
[PlyCount "89"]
[EventDate "2016.04.20"]

1. e4 c6 2. d4 d5 3. exd5 cxd5 4. Bd3 Nc6 5. c3 Qc7 6. g3 e6 7. Bf4 Bd6 8. Bxd6
Qxd6 9. Nf3 Nf6 10. O-O O-O 11. Nbd2 Bd7 12. Qb3 Rab8 13. Rae1 b5 14. a3 a5 15.
Ne5 b4 16. axb4 axb4 17. Qc2 bxc3 18. bxc3 Rfc8 19. Nxc6 Rxc6 20. f4 Rbc8 21.
Nb1 Rb6 22. f5 exf5 23. Bxf5 Bxf5 24. Qxf5 Qd7 25. Qxd7 Nxd7 26. Rf5 Nf6 27.
Nd2 g6 28. Rf3 Kg7 29. Rc1 Rbc6 30. c4 dxc4 31. Rfc3 Ra6 32. Rxc4 Re8 33. Nf3
Re2 34. R4c2 Re4 35. Rc7 Nd5 36. Rxf7+ Kxf7 37. Ng5+ Kf6 38. Nxe4+ Kf5 39. Nc5
Ra2 40. Rf1+ Kg4 41. Ne4 Ra4 42. Rf7 Rxd4 43. Nf2+ Kg5 44. Rxh7 Ne3 45. Re7 {
Р'Р~/=Р>>Р-/+Р-/+ Р.Р~/=Р?Р,С\/СO Р1/2Р-/+С Р~/=Р.Р+/-Р3/4С С(.)Р,Р+/=Р~/=}
1/2-1/2

[Event "Russian Championship B15 2016"]
[Site "Loo"]
[Date "2016.04.20"]
[Round "1.12"]
[White "Shidlovskiy, Artemiy"]
[Black "Sokolov, Nikita Dm"]
[Result "0-1"]
[WhiteElo "1879"]
[BlackElo "2126"]
[PlyCount "110"]
[EventDate "2016.04.20"]

1. d4 Nf6 2. c4 g6 3. Nc3 d5 4. cxd5 Nxd5 5. Bd2 Bg7 6. e4 Nb6 7. Be3 O-O 8. h3
Nc6 9. Nf3 e5 10. d5 Ne7 11. g4 Bd7 12. a4 Nbc8 13. g5 Nd6 14. h4 c6 15. Bc5
Nec8 16. h5 cxd5 17. Nxd5 Be6 18. hxg6 fxg6 19. Bh3 Bxh3 20. Rxh3 Qd7 21. Rh4
Qf7 22. Qb3 b6 23. Ba3 b5 24. O-O-O bxa4 25. Qa2 Rd8 26. Rdh1 Nxe4 27. Nf6+
Nxf6 28. Qxf7+ Kxf7 29. gxf6 Bxf6 30. Rxh7+ Ke6 31. Kb1 Nd6 32. R7h6 Kf5 33.
Nh4+ Bxh4 34. R6xh4 Ne4 35. Ka2 Rd2 36. f3 Ng5 37. Rf1 Rd4 38. Rh2 Rc8 39. Rg2
Rf4 40. Rg3 Ne6 41. Re1 Nd4 42. Rf1 Rc2 43. Be7 Ne6 44. Rfg1 g5 45. Bxg5 Rb4
46. Bc1 Re2 47. Rh1 Nf4 48. Rhg1 Rb3 49. Rg5+ Ke6 50. Bxf4 Rbxb2+ 51. Ka3 exf4
52. Rg6+ Ke5 53. R1g5+ Kd4 54. Rd6+ Ke3 55. Re5+ Kxf3 0-1

[Event "Russian Championship B15 2016"]
[Site "Loo"]
[Date "2016.04.20"]
[Round "1.13"]
[White "Remizov, Yaroslav"]
[Black "Peisakhov, Imanuil"]
[Result "1-0"]
[WhiteElo "2124"]
[BlackElo "1866"]
[PlyCount "83"]
[EventDate "2016.04.20"]

1. e4 e5 2. Bc4 Nc6 3. Nf3 Nf6 4. d3 Bc5 5. c3 O-O 6. a4 a5 7. O-O d6 8. Na3 h6
9. Nc2 d5 10. exd5 Nxd5 11. Re1 Bg4 12. h3 Bxf3 13. Qxf3 Nb6 14. Bb5 Qd6 15.
Bxc6 bxc6 16. Be3 Bxe3 17. Nxe3 Rad8 18. Nf5 Qf6 19. d4 exd4 20. Ne7+ Kh8 21.
Qxf6 gxf6 22. Nxc6 Rde8 23. Rxe8 Rxe8 24. cxd4 Ra8 25. b3 Nd5 26. Rc1 Ra6 27.
Rc5 Nf4 28. d5 Nxd5 29. Rxd5 Rxc6 30. Rxa5 Kg7 31. b4 Kf8 32. b5 Rc4 33. Ra7
Rb4 34. Rxc7 Rxa4 35. b6 Rb4 36. b7 Kg7 37. Kf1 Rb2 38. Ke1 f5 39. Kd1 Kf6 40.
Kc1 Rb6 41. Kd2 Ke6 42. Rc6+ 1-0

[Event "Russian Championship B15 2016"]
[Site "Loo"]
[Date "2016.04.20"]
[Round "1.14"]
[White "Brin, Ilya"]
[Black "Pavlov, Danila"]
[Result "0-1"]
[WhiteElo "1862"]
[BlackElo "2094"]
[PlyCount "84"]
[EventDate "2016.04.20"]

1. d4 Nf6 2. c4 g6 3. Nc3 Bg7 4. e4 d6 5. Nf3 O-O 6. h3 e5 7. d5 a5 8. Be3 Na6
9. g4 Nd7 10. Qd2 Ndc5 11. Rg1 Kh8 12. Bh6 Bxh6 13. Qxh6 f6 14. Nh4 Rg8 15. g5
Bd7 16. O-O-O Qf8 17. Rg3 fxg5 18. Qxg5 Qf4+ 19. Rd2 Nb4 20. Qxf4 exf4 21. Rg5
Rae8 22. f3 Kg7 23. Nb5 Kf6 24. Rg1 g5 25. Nf5 Bxf5 26. exf5 Re1+ 27. Rd1 Rge8
28. Nd4 Nxa2+ 29. Kd2 Rxd1+ 30. Kxd1 Re3 31. Be2 Na4 32. h4 gxh4 33. Rh1 Nxb2+
34. Kd2 Nc3 35. Bf1 a4 36. Kc2 a3 37. Rxh4 Nba4 38. Rh6+ Kg7 39. Re6 a2 40. Nb3
Nd1 41. Bd3 Rxd3 42. Kxd3 Nc5+ 0-1

[Event "Russian Championship B15 2016"]
[Site "Loo"]
[Date "2016.04.20"]
[Round "1.15"]
[White "Sakulo, Denis"]
[Black "Shoboev, Dandar"]
[Result "1-0"]
[WhiteElo "2085"]
[BlackElo "1846"]
[PlyCount "83"]
[EventDate "2016.04.20"]

1. d4 d5 2. c4 c6 3. Nc3 Nf6 4. e3 e6 5. Nf3 Nbd7 6. Bd3 dxc4 7. Bxc4 b5 8. Bd3
Bb7 9. e4 a6 10. e5 Nd5 11. Nxd5 cxd5 12. O-O Be7 13. Bd2 Rc8 14. a4 b4 15. a5
Nb8 16. Qe2 O-O 17. h4 Nc6 18. Bxa6 Bxa6 19. Qxa6 Bxh4 20. Rac1 Qd7 21. Nxh4
Nxd4 22. Bxb4 Rfe8 23. Qd3 Nc6 24. Bc3 Qd8 25. Nf3 Nxa5 26. Bxa5 Qxa5 27. Nd4
g6 28. Nc6 Qc7 29. b4 Ra8 30. b5 Qb6 31. Rb1 Ra2 32. Qd4 Qb7 33. Rfc1 Rea8 34.
Qc5 Re2 35. b6 Rea2 36. Ne7+ Kg7 37. Qc7 Qa6 38. b7 Qe2 39. Rf1 R8a4 40. b8=Q
Rg4 41. Qg8+ Kh6 42. Qc3 1-0

[Event "Russian Championship B15 2016"]
[Site "Loo"]
[Date "2016.04.20"]
[Round "1.16"]
[White "Koren, Vladimir"]
[Black "Zaika, Daniil"]
[Result "0-1"]
[WhiteElo "1826"]
[BlackElo "2077"]
[PlyCount "162"]
[EventDate "2016.04.20"]

1. e4 c5 2. c3 d5 3. exd5 Qxd5 4. d4 cxd4 5. cxd4 Nc6 6. Nf3 e5 7. dxe5 Qxd1+
8. Kxd1 Bg4 9. Bf4 O-O-O+ 10. Nbd2 Nge7 11. Rc1 Ng6 12. Bg5 Bb4 13. Bxd8 Rxd8
14. Rc2 Bf5 15. Rc4 Be6 16. Re4 Bd5 17. Rxb4 Nxb4 18. a3 Nc6 19. Be2 Ncxe5 20.
Kc2 Nf4 21. Bd1 Ned3 22. Rf1 Rd6 23. Nb1 Nxg2 24. Be2 Bxf3 25. Bxd3 Nf4 26.
Bf5+ Kc7 27. Nc3 Rh6 28. Re1 g6 29. Be4 Bxe4+ 30. Rxe4 Ne6 31. h4 Rh5 32. Kd2
Kd7 33. Rb4 b6 34. Re4 Ng7 35. Ra4 a5 36. Rd4+ Kc6 37. Rc4+ Kb7 38. Rd4 Kc6 39.
Rc4+ Kd7 40. Rd4+ Ke6 41. Re4+ Re5 42. Rc4 Rc5 43. Re4+ Kd7 44. Rd4+ Kc6 45.
Rd8 Nf5 46. Rf8 Nd6 47. Rd8 Rh5 48. Ne2 Rxh4 49. Kd3 Rh3+ 50. Kd4 Rf3 51. Nc3
Kc7 52. Ra8 Rxf2 53. Nd5+ Kc6 54. Ne7+ Kb7 55. Rh8 Nf5+ 56. Nxf5 Rxf5 57. Rxh7
Kc6 58. Rh8 Rf2 59. Kc3 g5 60. Rh6+ f6 61. Rh8 g4 62. Rg8 f5 63. Rg6+ Kb5 64.
a4+ Kc5 65. Rg5 Rf3+ 66. Kd2 Kb4 67. Rg6 g3 68. Rxb6+ Kxa4 69. Kc2 g2 70. b3+
Ka3 71. Rg6 Rf2+ 72. Kc3 f4 73. Rg4 Rf3+ 74. Kc2 Rg3 75. Rxf4 Rxb3 76. Rg4 Rb2+
77. Kc1 Rf2 78. Rg3+ Kb4 79. Rg4+ Kc3 80. Kd1 Rf1+ 81. Ke2 g1=Q 0-1

[Event "Russian Championship B15 2016"]
[Site "Loo"]
[Date "2016.04.20"]
[Round "1.17"]
[White "Osipov, Daniil"]
[Black "Danilchenko, Dmitrij"]
[Result "1-0"]
[WhiteElo "2068"]
[BlackElo "1815"]
[PlyCount "107"]
[EventDate "2016.04.20"]

1. e4 e6 2. d3 d5 3. Nd2 c5 4. Ngf3 Nf6 5. g3 Nc6 6. Bg2 Be7 7. O-O dxe4 8.
dxe4 e5 9. c3 O-O 10. Qc2 Be6 11. Rd1 Qc7 12. b3 Rfd8 13. Bb2 h6 14. Nf1 Rxd1
15. Rxd1 Rd8 16. Rxd8+ Qxd8 17. Ne3 Bf8 18. Bf1 a6 19. Bc4 Bc8 20. Bd5 Qc7 21.
Qd3 Ne7 22. c4 Ng6 23. Kg2 Bd6 24. h4 Ne7 25. a3 Nfxd5 26. Nxd5 Nxd5 27. cxd5
b5 28. Nd2 Bd7 29. Qc3 f6 30. Nf1 f5 31. f4 b4 32. axb4 cxb4 33. Qxc7 Bxc7 34.
fxe5 fxe4 35. Nd2 Bf5 36. Nc4 Kf8 37. e6 Bb8 38. Bd4 Kg8 39. Bc5 e3 40. Kf3 e2
41. Kxe2 Bxg3 42. Kf3 Bb8 43. Bxb4 g5 44. hxg5 hxg5 45. Ne3 Bh3 46. Ng4 Kg7 47.
Be7 Bf1 48. d6 Bb5 49. d7 Bc6+ 50. Ke3 Bc7 51. d8=Q Bxd8 52. Bxd8 Bd5 53. e7
Kf7 54. b4 1-0

[Event "Russian Championship B15 2016"]
[Site "Loo"]
[Date "2016.04.20"]
[Round "1.18"]
[White "Novikov, Kirill"]
[Black "Kavyev, Ruslan"]
[Result "0-1"]
[WhiteElo "1814"]
[BlackElo "2058"]
[PlyCount "84"]
[EventDate "2016.04.20"]

1. e4 c5 2. Nf3 d6 3. d4 cxd4 4. Nxd4 Nf6 5. Nc3 a6 6. Be3 e5 7. Nf3 Be7 8. Bc4
O-O 9. O-O Qc7 10. Bb3 h6 11. Qd2 Be6 12. Rfd1 Nbd7 13. h3 b5 14. Bxe6 fxe6 15.
Bxh6 b4 16. Qg5 Rf7 17. Qg6 Nf8 18. Qg3 bxc3 19. Ng5 Nh5 20. Qg4 Bxg5 21. Bxg5
Nf6 22. Bxf6 Rxf6 23. b3 Qc5 24. Qg3 Ng6 25. Re1 Nf4 26. Qe3 Qc6 27. Rad1 Re8
28. Kh2 d5 29. g3 d4 30. Qc1 Ng6 31. Re2 Qb5 32. Rd3 Nf8 33. a4 Qc6 34. f3 Nd7
35. Kg2 Ref8 36. Qg5 Qc7 37. Qg4 Nc5 38. Rd1 d3 39. cxd3 Nxb3 40. Rc2 Nd4 41.
Rcc1 Rxf3 42. Qg5 Rf2+ 0-1

[Event "Russian Championship B15 2016"]
[Site "Loo"]
[Date "2016.04.20"]
[Round "1.19"]
[White "Kalabukhov, Bogdan"]
[Black "Izabakarov, Kamil"]
[Result "1/2-1/2"]
[WhiteElo "2056"]
[BlackElo "1813"]
[PlyCount "80"]
[EventDate "2016.04.20"]

1. d4 Nf6 2. Nf3 d5 3. Bf4 e6 4. e3 Bd6 5. Bg3 O-O 6. Bd3 c5 7. c3 Nc6 8. Nbd2
c4 9. Bc2 b5 10. O-O Bb7 11. Ne5 a5 12. f4 g6 13. e4 dxe4 14. Nxe4 Nxe4 15.
Bxe4 Qc7 16. Qf3 Nd8 17. Bxb7 Qxb7 18. Qe2 f6 19. Ng4 Rc8 20. Ne3 Qe7 21. a4
bxa4 22. Qc2 a3 23. bxa3 a4 24. Rfb1 Nb7 25. f5 Bxg3 26. hxg3 exf5 27. Rb4 Nd6
28. Qxa4 Qe6 29. Nf1 Ne4 30. Qc2 Qd6 31. a4 Nxg3 32. a5 Rfe8 33. Nxg3 Qxg3 34.
Qd2 Re7 35. a6 Rce8 36. a7 Re1+ 37. Rxe1 Rxe1+ 38. Qxe1 Qxe1+ 39. Kh2 Qh4+ 40.
Kg1 Qe1+ 1/2-1/2

[Event "Russian Championship B15 2016"]
[Site "Loo"]
[Date "2016.04.20"]
[Round "1.20"]
[White "Timoshkin, Aleksandr"]
[Black "Mnatsakanian, Arsen"]
[Result "0-1"]
[WhiteElo "1758"]
[BlackElo "2037"]
[PlyCount "132"]
[EventDate "2016.04.20"]

1. d4 d5 2. Nf3 c6 3. c3 Nf6 4. Bg5 Ne4 5. Bf4 Qb6 6. Qb3 Bf5 7. Nbd2 Nd7 8. e3
e6 9. Be2 Be7 10. O-O O-O 11. Nxe4 Bxe4 12. Nd2 Bg6 13. c4 Qxb3 14. Nxb3 dxc4
15. Bxc4 Nb6 16. Be2 Nd5 17. Bg3 Rfd8 18. Na5 Rd7 19. Nc4 f6 20. Bg4 Kf7 21. a3
Bd3 22. Rfc1 Bxc4 23. Rxc4 Bd6 24. Bxd6 Rxd6 25. Rac1 Rad8 26. h3 Nb6 27. R4c2
e5 28. dxe5 fxe5 29. Rc5 Kf6 30. f4 Rd5 31. fxe5+ Kxe5 32. Bf3 Rxc5 33. Rxc5+
Kf6 34. Rc2 h6 35. Be2 Re8 36. Kf2 Nd5 37. Bf3 Nxe3 38. Rc3 Nd5 39. Bxd5 cxd5
40. Rc7 Re7 41. Rc5 Ke5 42. Rc3 Kd4 43. Kf3 g6 44. Kf2 Re6 45. Rc7 Rb6 46. b4
Kd3 47. Rf7 d4 48. Ke1 Kc2 49. Rf2+ Kc3 50. Kd1 d3 51. Rf7 Kb3 52. g4 g5 53.
Rf5 Kxa3 54. Ra5+ Kxb4 55. Rxa7 Kc3 56. Ra3+ Rb3 57. Ra1 d2 58. Ke2 Kc2 59.
Ra2+ Rb2 60. Ra1 b5 61. Rd1 Kc3 62. Ra1 Kc2 63. Rd1 b4 64. Ke3 Rb3+ 65. Ke2
Re3+ 66. Kxe3 Kxd1 0-1

[Event "Russian Championship B15 2016"]
[Site "Loo"]
[Date "2016.04.20"]
[Round "1.21"]
[White "Murtazin, Ruslan"]
[Black "Dyurmenov, Beslan"]
[Result "1-0"]
[WhiteElo "2012"]
[BlackElo "1757"]
[PlyCount "61"]
[EventDate "2016.04.20"]

1. e4 e6 2. d4 d5 3. Nc3 c6 4. Nf3 f5 5. e5 Nh6 6. Ng5 g6 7. Bf4 Qb6 8. Na4
Qa5+ 9. c3 b5 10. Nc5 Bxc5 11. dxc5 Nf7 12. Nxf7 Kxf7 13. b4 Qc7 14. h4 h5 15.
a4 bxa4 16. Rxa4 Nd7 17. c4 Bb7 18. cxd5 exd5 19. e6+ Kxe6 20. Bxc7 Rhe8 21.
Be2 Kf7 22. O-O Re4 23. Bxh5 Rxh4 24. Bf3 g5 25. Bh5+ Kf6 26. Bg3 Rc4 27. Qa1+
Ke7 28. Re1+ Re4 29. Rxe4+ fxe4 30. Qg7+ Kd8 31. Bd6 1-0